000 01239nam a22003497a 4500
003 CHAP
005 20220329142144.0
008 000119d mx r 00110 spa d
010 _a79308
011 _a80280
035 _a90729
040 _cCHAP
090 _aTesis
100 0 0 _aBeltrán López, Cid Omar.
_911458
245 1 0 _aDibujo aplicado al diseño mecánico
_c/por Cid Omar Beltrán López y Juan Carlos Hernández Castañeda
260 _aChapingo, Méx. :
_bEl autor,
_c1999.
300 _a217 h. :
_bilus.
502 _aTesis (Ing. Mecánico Agrícola) -- UACH. Departamento de Ingeniería Mecánica Agrícola
590 _aALEPH
_b10
_c20130110
_lUCH01
_h1430
590 _aBATCH-UPD
_b10
_c20130110
_lUCH01
_h0719
590 _aBATCH-UPD
_b10
_c20130410
_lUCH01
_h0404
590 _aBATCH-UPD
_b10
_c20130914
_lUCH01
_h0559
590 _aCONVERSION
_b10
_c20130109
_lUCH01
_h1344
650 1 4 _aDibujo mecánico.
_932444
650 1 4 _aDiseño en ingeniería.
_932730
901 _aBK
905 _aAlejandra Carrasco M.
942 _cFOLL
949 _bBC
_cTES
_d33724000748406
_eTS2
_fc.2
_h34903
_i90729
_sb
949 _bBC
_cTES
_d33724000762969
_eTS2
_fc.3
_h35988
_i90729
_sb
949 _bBC
_cTES
_d907291
_eTS1
_h34902
_i90729
_sb
999 _c79308
_d79308